[Event "Druzynowe Mistrzostwa Polski Juniorow - I Liga 2023"]
[Site "Lublin"]
[Date "1899-12-30"]
[Round "1.26"]
[White "Krupinski, Mikolaj"]
[Black "Borowik, Karol"]
[Result "1-0"]
[WhiteTitle "I"]
[BlackTitle "II"]
[WhiteElo "1745"]
[BlackElo "1597"]

1. c4 g6 2. g3 Bg7 3. Bg2 e5 4. Nc3 Ne7 5. d3 O-O 6. e4 d6 7. Nge2 Nbc6 8. O-O
a6 9. Be3 Nd4 10. Qd2 Rb8 11. b3 b5 12. Rad1 Bd7 13. f4 c6 14. Bf2 b4 15. Nb1
Bg4 16. Bxd4 exd4 17. h3 Be6 18. Qc2 Qb6 19. Nd2 d5 20. g4 dxe4 21. Nxe4 c5 22.
N4g3 f5 23. g5 h5 24. Rde1 Rfe8 25. Kh2 Qd6 26. Ng1 Bd7 27. Qd2 Bc6 28. Rf2 Bxg2
29. Kxg2 Kf7 30. Rfe2 Nc6 31. Nf3 Rxe2+ 32. Qxe2 Qd7 33. Nh4 a5 34. Nxg6 Bf8 35.
Ne5+ Nxe5 36. Qxe5 Bd6 37. Qd5+ Kf8 38. Nxf5 Rd8 39. Nxd6 Qxd6 40. Qf5+ Kg8 41.
Re6 Qf8 42. Rg6+ Kh8 43. Rh6+ Qxh6 44. gxh6 Rg8+ 45. Kf3 h4 46. Qf6+ Kh7 47. Qf7+
Kh8 48. Qxg8+ Kxg8 49. Ke4 1-0

[Event "Druzynowe Mistrzostwa Polski Juniorow - I Liga 2023"]
[Site "Lublin"]
[Date "1899-12-30"]
[Round "1.27"]
[White "Jaszczuk, Piotr"]
[Black "Kania, Franciszek"]
[Result "0-1"]
[WhiteTitle "II"]
[BlackTitle "I"]
[WhiteElo "1619"]
[BlackElo "1831"]

1. e4 c5 2. Nf3 d6 3. d4 cxd4 4. Nxd4 Nf6 5. Nc3 a6 6. Be3 e5 7. Nb3 Be7 8. f3
Be6 9. Nd5 Bxd5 10. exd5 O-O 11. Be2 Nbd7 12. O-O Rc8 13. Rc1 Nh5 14. Qd2 Nf4
15. c4 b6 16. Rfe1 Nc5 17. Nxc5 bxc5 18. Bxf4 exf4 19. Bd3 g6 20. Re4 Bf6 21.
Kh1 Rb8 22. b3 a5 23. Bc2 a4 24. Rce1 Be5 25. Rb1 Qf6 26. Qc1 axb3 27. Bxb3 h5
28. h3 g5 29. Qd2 Kh8 30. Rf1 Rg8 31. Qd3 Kg7 32. Rfe1 Rh8 33. Qe2 Qh6 34. Rd1
Rbe8 35. Ba4 Re7 36. Qd3 g4 37. Rf1 Qg5 38. Bd1 Rb7 39. Bb3 Qf5 40. Rg1 Kf6 41.
Kh2 Rg8 42. Qb1 Bd4 43. Rxd4 cxd4 44. Qd1 d3 45. Qa1+ Qe5 46. Qd1 gxh3 47. Qxd3
Rxg2+ 48. Rxg2 hxg2 49. Kxg2 Rb8 50. Qh7 Qg5+ 51. Kf1 Qg6 52. Qxg6+ fxg6 53. Kf2
Ke5 54. Kg2 g5 55. Kh3 Kd4 0-1

[Event "Druzynowe Mistrzostwa Polski Juniorow - I Liga 2023"]
[Site "Lublin"]
[Date "1899-12-30"]
[Round "1.28"]
[White "Gruca, Karol"]
[Black "Toczylowski, Mateusz"]
[Result "1/2-1/2"]
[WhiteTitle "II+"]
[BlackTitle "II"]
[WhiteElo "1484"]
[BlackElo "1140"]

1. e4 c5 2. Nf3 Nc6 3. d4 cxd4 4. Nxd4 Nf6 5. Nc3 g6 6. Nxc6 bxc6 7. e5 Nd5 8.
Nxd5 cxd5 9. Qxd5 Rb8 10. Bc4 e6 11. Qd4 Bg7 12. O-O O-O 13. Be3 Qc7 14. f4 f6
15. Qc5 Rb7 16. Ba6 Qxc5 17. Bxc5 Rxb2 18. Bxf8 Bxa6 19. Bxg7 Bxf1 20. Kxf1 Kxg7
21. Rd1 Rb7 22. Ke2 fxe5 23. fxe5 Kf7 24. Rd3 Ke7 25. Rh3 h5 26. Kd3 Rb5 27. Kd4
Rb2 28. Rg3 Rxc2 29. Rxg6 Kf7 30. Rg5 Rxa2 31. h3 h4 32. Kc4 Ra5 33. Kb4 Rd5 34.
Kc4 d6 35. Rh5 Rxe5 36. Rxh4 Rg5 37. Rf4+ Kg6 38. Rf2 a5 39. g4 Rc5+ 40. Kd4 e5+
41. Kd3 Kg5 42. Rf8 Rd5+ 43. Ke3 Rd4 44. Rg8+ Kf6 45. h4 Kf7 46. Rd8 Rxg4 47.
Rxd6 a4 48. h5 Rh4 49. Ra6 a3 50. h6 Kg8 51. Kf3 Kf7 52. Kg3 Rh1 53. Rxa3 Rxh6
54. Kg4 Re6 55. Kf5 e4 56. Re3 Re8 57. Rxe4 Rxe4 58. Kxe4 1/2-1/2

[Event "Druzynowe Mistrzostwa Polski Juniorow - I Liga 2023"]
[Site "Lublin"]
[Date "1899-12-30"]
[Round "1.29"]
[White "Arciszewska, Zuzanna"]
[Black "Bar, Klaudia"]
[Result "1-0"]
[WhiteTitle "I++"]
[BlackTitle "I++"]
[WhiteElo "1726"]
[BlackElo "1840"]

1. d4 Nf6 2. c4 g6 3. Nc3 Bg7 4. e4 d6 5. h3 O-O 6. Be3 c5 7. Nf3 cxd4 8. Nxd4
b6 9. Be2 Bb7 10. Qc2 Nbd7 11. O-O Rc8 12. Rac1 Nc5 13. Bf3 Nfd7 14. b3 Ne5 15.
Be2 Nc6 16. Rfd1 Nxd4 17. Bxd4 Bxd4 18. Rxd4 Ne6 19. Rdd1 1-0

[Event "Druzynowe Mistrzostwa Polski Juniorow - I Liga 2023"]
[Site "Lublin"]
[Date "1899-12-30"]
[Round "1.30"]
[White "Branka, Julia"]
[Black "Borowik, Monika"]
[Result "1-0"]
[WhiteTitle "I"]
[BlackTitle "I"]
[WhiteElo "1433"]
[BlackElo "1408"]

1. d4 d5 2. c4 e6 3. Nc3 Nf6 4. Bf4 c6 5. e3 Bd6 6. Bg3 O-O 7. Nf3 Bxg3 8. hxg3
Nbd7 9. Be2 dxc4 10. Bxc4 b5 11. Bd3 Bb7 12. Rc1 a6 13. Ng5 h6 14. Nge4 Qe7 15.
Nxf6+ Nxf6 16. Ne4 Nxe4 17. Bxe4 Rac8 18. Rc5 Qc7 19. O-O Qa5 20. a3 Rfd8 21.
Qc2 Rd6 22. Rc1 Qb6 23. b4 a5 24. a4 bxa4 25. bxa5 Qb3 26. Qxb3 axb3 27. Rb1 f5
28. Rxb3 fxe4 29. Rxb7 Rd5 30. a6 Rxc5 31. dxc5 Kh7 32. a7 Ra8 33. Kf1 Kg6 34.
Ke2 Kf6 35. Kd2 Ke5 36. Kc3 Kd5 37. Kb4 g5 38. Ka5 Kxc5 39. Ka6 Rd8 40. Rb8 Rd3
41. a8=Q Ra3+ 42. Kb7 Rxa8 43. Rxa8 Kd5 44. Rd8+ Ke5 45. Kxc6 h5 46. Rh8 Kf5 47.
Rxh5 1-0

[Event "Druzynowe Mistrzostwa Polski Juniorow - I Liga 2023"]
[Site "Lublin"]
[Date "1899-12-30"]
[Round "1.31"]
[White "Jaskiewicz, Kacper"]
[Black "Pisarek, Jan"]
[Result "1/2-1/2"]
[WhiteTitle "I+"]
[BlackTitle "I"]
[WhiteElo "2006"]
[BlackElo "1956"]

1. e4 c5 2. Nf3 e6 3. d4 cxd4 4. Nxd4 Nf6 5. Nc3 Nc6 6. Ndb5 Bb4 7. a3 Bxc3+ 8.
Nxc3 d5 9. exd5 exd5 10. Bd3 O-O 11. O-O Bg4 12. f3 Bh5 13. Bg5 Qb6+ 14. Kh1 Ne4
15. Nxe4 dxe4 16. Bxe4 Qxb2 17. Qd5 Bg6 18. Rab1 Qxa3 19. Bxg6 hxg6 20. Rxb7 Qa6
21. Rfb1 Nd8 22. Rd7 Ne6 23. Be7 Rfe8 24. Re1 Rac8 25. Bb4 Red8 26. h3 Qa4 27.
Rxd8+ Rxd8 28. Qa5 Qxa5 29. Bxa5 Rd5 30. Ra1 Nd4 31. Bc3 Nxc2 32. Rxa7 Ne3 33.
Ra8+ Kh7 34. Ra1 Rd3 1/2-1/2

[Event "Druzynowe Mistrzostwa Polski Juniorow - I Liga 2023"]
[Site "Lublin"]
[Date "1899-12-30"]
[Round "1.32"]
[White "Duda, Leon"]
[Black "Kazmierowski, Tymon"]
[Result "0-1"]
[WhiteTitle "I"]
[BlackTitle "I++"]
[WhiteElo "1555"]
[BlackElo "1979"]

1. e4 c5 2. Nf3 d6 3. d4 cxd4 4. Nxd4 Nf6 5. Nc3 a6 6. Nb3 e6 7. g4 b5 8. Bg2 Bb7
9. g5 Nfd7 10. Be3 Nc6 11. Ne2 Nde5 12. Ng3 Nc4 13. Bc1 Be7 14. h4 Rc8 15. O-O
Qc7 16. Nd4 O-O 17. b3 Nb6 18. Bb2 Rfd8 19. Bh3 Nxd4 20. Qxd4 Bf8 21. Nh5 Qc5
22. Rfe1 Qxd4 23. Bxd4 Nd7 24. Re2 Ne5 25. Bg2 Ng6 26. Rd1 Nxh4 27. f3 Nxg2 28.
Kxg2 Rc6 29. Kf2 Rdc8 30. Rdd2 a5 31. Ke1 b4 32. Kd1 Ba6 33. Rh2 e5 34. Bb2 Be7
35. Rdg2 Rd8 36. Nf6+ gxf6 37. gxf6+ Kf8 38. fxe7+ Kxe7 39. Rd2 Rg8 40. Rd5 Rg3
41. Rxa5 Rxf3 42. a3 bxa3 43. Bxa3 Ke6 44. b4 Rb6 45. Rxh7 Rf4 46. Rh6+ f6 47.
Bc1 Rf1+ 48. Kd2 Rxb4 49. Rxa6 Rd4+ 50. Ke3 Rxc1 51. Ra8 Re1+ 52. Kf3 Rdxe4 53.
Re8+ Kd5 54. Rc8 Rc4 55. Rxc4 Kxc4 56. Kf2 Rc1 57. Rxf6 Rxc2+ 58. Ke3 Kd5 59.
Rf8 Rc3+ 60. Kd2 Rh3 61. Ra8 e4 62. Ra5+ 0-1

[Event "Druzynowe Mistrzostwa Polski Juniorow - I Liga 2023"]
[Site "Lublin"]
[Date "1899-12-30"]
[Round "1.33"]
[White "Terkiewicz, Bruno"]
[Black "Niesyt, Michal"]
[Result "0-1"]
[WhiteTitle "I++"]
[BlackTitle "I"]
[WhiteElo "1873"]
[BlackElo "1564"]

1. e4 c5 2. Nf3 d6 3. Nc3 Nf6 4. d4 cxd4 5. Nxd4 g6 6. Be3 Bg7 7. f3 Nc6 8. Qd2
O-O 9. O-O-O d5 10. exd5 Nxd5 11. Nxc6 bxc6 12. Bd4 Nxc3 13. Qxc3 Bxd4 14. Rxd4
Qb6 15. Bc4 Ba6 16. h4 Bxc4 17. Rxc4 Qf2 18. Rg4 h5 19. Rg5 Rad8 20. g4 Qg2 21.
Re1 Qg3 22. gxh5 Qxh4 23. Qe3 Rd6 24. Qxe7 Qf4+ 25. Qe3 Re8 26. hxg6 Rxe3 27.
gxf7+ Kxf7 0-1

[Event "Druzynowe Mistrzostwa Polski Juniorow - I Liga 2023"]
[Site "Lublin"]
[Date "1899-12-30"]
[Round "1.34"]
[White "Markowski, Tymon"]
[Black "Rutkowski, Feliks"]
[Result "1/2-1/2"]
[WhiteTitle "II"]
[BlackTitle "II"]
[WhiteElo "1329"]
[BlackElo "1431"]

1. e4 c5 2. Nf3 e6 3. d4 cxd4 4. Nxd4 Nc6 5. Nc3 Qc7 6. g3 a6 7. Bg2 Nf6 8. O-O
Be7 9. Re1 d6 10. Nxc6 bxc6 11. e5 dxe5 12. Rxe5 O-O 13. Bf4 Rd8 14. Qf3 Bd6 15.
Rc5 Bb7 16. Ne4 Nxe4 17. Qxe4 Bxf4 18. Qxf4 Qxf4 19. gxf4 Rd6 20. Kf1 Rad8 21.
Ke1 g6 22. Bf3 Rd4 23. Rd1 Rxd1+ 24. Bxd1 Rd5 25. Rc4 Rd7 26. Bf3 Rc7 27. b4 Kf8
28. a4 Ke7 29. Rc5 Kd6 30. Kd2 h6 31. Kc3 Kd7 32. Be2 Rc8 33. Ra5 Ra8 34. Kd4
Kd6 35. c4 f6 36. h4 Rd8 37. c5+ Ke7+ 38. Kc3 Ra8 39. b5 axb5 40. Rxa8 Bxa8 41.
axb5 cxb5 42. Bxb5 1/2-1/2

[Event "Druzynowe Mistrzostwa Polski Juniorow - I Liga 2023"]
[Site "Lublin"]
[Date "1899-12-30"]
[Round "1.35"]
[White "Lukasik, Zuzanna"]
[Black "Bialek, Alicja"]
[Result "0-1"]
[WhiteTitle "I++"]
[BlackTitle "I"]
[WhiteElo "1712"]
[BlackElo "1503"]

1. e4 c5 2. Nf3 d6 3. c3 Nf6 4. h3 g6 5. Bd3 Bg7 6. O-O O-O 7. Bc2 Nc6 8. d4 cxd4
9. cxd4 e5 10. Nc3 exd4 11. Nxd4 Nxe4 12. Nxc6 Nxc3 13. Nxd8 Nxd1 14. Nxf7 Nxf2
15. Nh6+ Kh8 16. Be3 Nxh3+ 17. gxh3 Bxh3 18. Rxf8+ Rxf8 19. Bb3 Bxb2 20. Rd1 Kg7
21. Kh2 Bd7 22. Nf7 Rxf7 23. Bxf7 Kxf7 24. Bxa7 Be5+ 25. Kg2 b5 26. Bb8 Ke7 27.
Kf3 h5 28. Rg1 Kf6 29. Bc7 Bh2 30. Rc1 g5 31. Rc2 Bf4 32. Bd8+ Kf5 33. Rc7 g4+
34. Kg2 Ke6 35. Bh4 d5 36. Rc2 d4 37. Bg3 d3 38. Rc3 d2 39. Rd3 Bg5 40. Kf1 Bc6
41. Ke2 Bf3+ 42. Rxf3 gxf3+ 43. Kd1 Kd5 0-1

[Event "Druzynowe Mistrzostwa Polski Juniorow - I Liga 2023"]
[Site "Lublin"]
[Date "1899-12-30"]
[Round "1.36"]
[White "Gajda, Anna"]
[Black "Siekanska, Zofia"]
[Result "1-0"]
[WhiteTitle "I"]
[BlackTitle "II"]
[WhiteElo "1243"]
[BlackElo "1081"]

1. e4 e5 2. Nf3 Nc6 3. Bb5 a6 4. Ba4 d6 5. d4 b5 6. Bb3 Nxd4 7. Nxd4 exd4 8. Bd5
Rb8 9. Qxd4 Ne7 10. a3 Nxd5 11. Qxd5 Bb7 12. Qd3 g6 13. Nc3 Bg7 14. Bf4 Qe7 15.
O-O O-O 16. Rfe1 Rbd8 17. Qe3 Qd7 18. Bh6 Rfe8 19. Bxg7 Kxg7 20. Rad1 Re7 21.
Nd5 Bxd5 22. Rxd5 Rde8 23. Qc3+ Kg8 24. f3 Re5 25. Red1 Rxd5 26. Rxd5 c6 27. Rd1
Re5 28. Qxe5 1-0

[Event "Druzynowe Mistrzostwa Polski Juniorow - I Liga 2023"]
[Site "Lublin"]
[Date "1899-12-30"]
[Round "1.37"]
[White "Sidorczuk, Pawel"]
[Black "Karut, Kacper"]
[Result "1-0"]
[WhiteTitle "I+"]
[BlackTitle "I"]
[WhiteElo "2013"]
[BlackElo "1954"]

1. e4 c5 2. Be2 Nc6 3. f4 g6 4. Nf3 Bg7 5. c3 d5 6. d3 e6 7. O-O Nge7 8. Qe1 Bd7
9. Na3 a6 10. Qf2 b6 11. Nc2 O-O 12. Be3 Nc8 13. e5 Rb8 14. g4 N8e7 15. Qg3 d4
16. cxd4 cxd4 17. Ncxd4 Nd5 18. Bf2 Qe7 19. a3 f6 20. Rac1 Rbc8 21. Nxc6 Bxc6
22. Bd4 Bb7 23. Rxc8 Rxc8 24. Bd1 fxe5 25. Nxe5 Bxe5 26. Bxe5 Qc5+ 27. d4 Qc1
28. Bf3 Qxb2 29. Qh4 Rf8 30. f5 Qc2 31. Qh6 Rf7 32. fxe6 1-0

[Event "Druzynowe Mistrzostwa Polski Juniorow - I Liga 2023"]
[Site "Lublin"]
[Date "1899-12-30"]
[Round "1.38"]
[White "Kotowicz, Kamil"]
[Black "Smetek, Michal"]
[Result "0-1"]
[WhiteTitle "I"]
[BlackTitle "I++"]
[WhiteElo "1814"]
[BlackElo "1956"]

1. Nf3 Nf6 2. g3 g6 3. Bg2 Bg7 4. O-O O-O 5. c4 c6 6. d4 d5 7. Nc3 dxc4 8. Ne5
Ng4 9. Nxg4 Bxg4 10. d5 cxd5 11. Qxd5 Qxd5 12. Bxd5 Nc6 13. Bxc4 Rac8 14. f3 Na5
15. Bd3 Be6 16. Nb5 a6 17. Na3 b5 18. Nc2 Nc4 19. Rb1 Ne5 20. Ne1 Bxa2 21. Ra1
Nxd3 22. Nxd3 Bc4 23. Rd1 Rfd8 24. Be3 Bxd3 25. Rxd3 Rxd3 26. exd3 Rc6 27. Ra2
f5 28. b4 e5 29. Bc5 Kf7 30. Kf2 Ke6 31. g4 Bf6 32. gxf5+ gxf5 33. f4 Kd5 34.
Kf3 e4+ 35. dxe4+ fxe4+ 36. Ke3 Bc3 37. Rg2 a5 38. Rg5+ Kc4 39. Kxe4 a4 40. Rg8
Ra6 41. Bd4 Bxd4 42. Rc8+ Kxb4 43. Kxd4 a3 44. Rc1 a2 45. Ra1 Kb3 0-1

[Event "Druzynowe Mistrzostwa Polski Juniorow - I Liga 2023"]
[Site "Lublin"]
[Date "1899-12-30"]
[Round "1.39"]
[White "Ladon, Tymoteusz"]
[Black "Pycinski, Wladyslaw"]
[Result "0-1"]
[WhiteTitle "II"]
[BlackTitle "I"]
[WhiteElo "1336"]
[BlackElo "1927"]

1. e4 c5 2. Nf3 g6 3. d4 cxd4 4. Nxd4 Nc6 5. Nc3 Bg7 6. Be3 Nf6 7. Bc4 O-O 8. Bb3
d6 9. h3 Na5 10. O-O b6 11. Bd5 Nxd5 12. exd5 Bb7 13. Qd3 Rc8 14. b3 a6 15. Bc1
b5 16. Bb2 b4 17. Nce2 Bxd5 18. Nf4 Bb7 19. Nde6 fxe6 20. Nxe6 Bxb2 21. Nxd8 Rfxd8
22. Rab1 Bf6 23. Qe3 Nc6 24. Rbd1 Kg7 25. g4 Ne5 26. f4 Rxc2 27. Rf2 Rxf2 28.
Kxf2 Nc6 29. g5 Bc3 30. a3 a5 31. axb4 axb4 32. Qe6 Rf8 33. Kg3 Nd4 34. Rxd4 Bxd4
35. Qxe7+ Rf7 36. Qxd6 Bc3 37. h4 Bc8 38. h5 gxh5 39. Qh6+ Kg8 40. Qxh5 Bd2 41.
Kg2 Bxf4 42. Qf3 Bb7 0-1

[Event "Druzynowe Mistrzostwa Polski Juniorow - I Liga 2023"]
[Site "Lublin"]
[Date "1899-12-30"]
[Round "1.40"]
[White "Czeremcha, Piotr"]
[Black "Kalinowski, Rafal"]
[Result "1-0"]
[WhiteTitle "II"]
[BlackTitle "II"]
[WhiteElo "1442"]
[BlackElo "1267"]

1. e4 c6 2. d4 d5 3. exd5 cxd5 4. Bd3 Nf6 5. Nf3 Bg4 6. Nbd2 e6 7. O-O Bd6 8. Re1
O-O 9. Nf1 Nbd7 10. c3 Re8 11. Bg5 a6 12. Bh4 Qc7 13. Bg3 Rac8 14. Bxd6 Qxd6 15.
Ng3 Nb6 16. h3 Bxf3 17. Qxf3 Nc4 18. Bxc4 Rxc4 19. Ne2 b5 20. a3 h6 21. Nf4 Rec8
22. Nd3 Ne4 23. Qe3 a5 24. Qe2 Kf8 25. Ne5 R4c7 26. Qxb5 Nd2 27. Rad1 Nc4 28.
Nxc4 Rxc4 29. Qb3 Rb8 30. Qc2 Qb6 31. Qh7 Qxb2 32. Rb1 Qxc3 33. Rxb8+ Ke7 34.
Qb1 Rxd4 35. Re3 Qd2 36. Qb7+ Kf6 37. Rf3+ Kg5 1-0

[Event "Druzynowe Mistrzostwa Polski Juniorow - I Liga 2023"]
[Site "Lublin"]
[Date "1899-12-30"]
[Round "1.41"]
[White "Pastuszko, Katarzyna"]
[Black "Tim, Anna"]
[Result "1-0"]
[WhiteTitle "I++"]
[BlackTitle "I"]
[WhiteElo "1312"]
[BlackElo "1254"]

1. e4 e6 2. d4 d5 3. e5 c5 4. c3 Nc6 5. Nf3 Qb6 6. Bd3 Bd7 7. dxc5 Bxc5 8. O-O
Qc7 9. b4 Bb6 10. Bf4 Nge7 11. Na3 a6 12. Rc1 Ng6 13. Bg3 O-O 14. c4 dxc4 15.
Nxc4 Nxb4 16. Nxb6 Qxb6 17. Bxg6 Rad8 18. Bxh7+ Kxh7 19. Ng5+ Kg6 20. Qg4 Kh6
21. Qh4+ Kg6 22. Qh7+ Kxg5 23. h4+ Kg4 24. Rc4+ Qd4 25. Rxd4# 1-0

[Event "Druzynowe Mistrzostwa Polski Juniorow - I Liga 2023"]
[Site "Lublin"]
[Date "1899-12-30"]
[Round "1.42"]
[White "Kochanowska, Patrycja"]
[Black "Malicka, Magdalena"]
[Result "1-0"]
[WhiteTitle "I+"]
[BlackTitle "I++"]
[WhiteElo "1454"]
[BlackElo "1260"]

1. e4 c5 2. Nf3 Nc6 3. d4 cxd4 4. Nxd4 g6 5. Nc3 Bg7 6. Be3 Nf6 7. Be2 O-O 8. O-O
a6 9. Qd2 d5 10. Rad1 Nxe4 11. Nxe4 dxe4 12. Nxc6 Qxd2 13. Nxe7+ Kh8 14. Rxd2
Be6 15. b3 f5 16. Bd4 Rad8 17. Rfd1 Rde8 18. Bxg7+ Kxg7 19. Nd5 Rc8 20. Nf4 Bf7
21. Rd7 Rxc2 22. Ne6+ Kg8 23. Nxf8 Rxe2 24. Nxh7 Rxa2 25. Rxb7 Bd5 26. Nf6+ 1-0

[Event "Druzynowe Mistrzostwa Polski Juniorow - I Liga 2023"]
[Site "Lublin"]
[Date "1899-12-30"]
[Round "1.43"]
[White "Wieczorek, Mikolaj"]
[Black "Maciaszek, Karol"]
[Result "1-0"]
[WhiteTitle "I++"]
[BlackTitle "I"]
[WhiteElo "1962"]
[BlackElo "1731"]

1. e4 c5 2. Nf3 e6 3. c3 Nf6 4. e5 Nd5 5. d4 cxd4 6. cxd4 Nc6 7. Nc3 Nxc3 8. bxc3
d6 9. exd6 Bxd6 10. Bd3 h6 11. O-O O-O 12. Re1 Bd7 13. Bc2 Ne7 14. Qd3 Ng6 15.
h4 f5 16. g3 Qf6 17. h5 Ne7 18. Ne5 Be8 19. Bb3 Bxe5 20. dxe5 Qf7 21. Qd6 Nd5
22. Bxd5 exd5 23. e6 Qf6 24. Ba3 Bc6 25. e7 Qxd6 26. exf8=Q+ Qxf8 27. Bxf8 Rxf8
28. f4 Rd8 29. Rad1 Kf7 30. Re5 Kf6 31. Kf2 Rd7 32. Ke3 g6 33. hxg6 Rg7 34. Kd4
Rxg6 35. Re3 Rg4 36. Rde1 h5 37. Rh1 Kg6 38. Rh4 Rxh4 39. gxh4 Kf6 40. Rg3 Be8
41. Rg8 Bf7 42. Rb8 b6 43. Rb7 1-0

[Event "Druzynowe Mistrzostwa Polski Juniorow - I Liga 2023"]
[Site "Lublin"]
[Date "1899-12-30"]
[Round "1.44"]
[White "Rajlich, Vaclav"]
[Black "Nagly, Wojciech"]
[Result "0-1"]
[WhiteTitle "I"]
[BlackTitle "I"]
[WhiteElo "1572"]
[BlackElo "1817"]

1. e4 e6 2. d4 d5 3. Nd2 dxe4 4. Nxe4 Nd7 5. Nf3 Ngf6 6. Nxf6+ Nxf6 7. Bd3 c5 8.
O-O Be7 9. c3 O-O 10. Bg5 b6 11. dxc5 bxc5 12. Qc2 h6 13. Bh4 Bb7 14. Ne5 Nd5
15. Bg3 Bd6 16. Qe2 Qc7 17. f4 Rac8 18. c4 Nf6 19. Rae1 Rcd8 20. Bc2 Qa5 21. Bh4
Bxe5 22. Qxe5 Rd2 23. Be4 Bxe4 24. Rxe4 Nxe4 25. Qxe4 Qxa2 26. Be7 Rb8 27. Kh1
Rbxb2 28. f5 Rxg2 29. Bd6 Rgf2 30. Re1 Rxh2+ 0-1

[Event "Druzynowe Mistrzostwa Polski Juniorow - I Liga 2023"]
[Site "Lublin"]
[Date "1899-12-30"]
[Round "1.45"]
[White "Gibala, Adam"]
[Black "Kisiel, Dominik"]
[Result "1-0"]
[WhiteTitle "I"]
[BlackTitle "II"]
[WhiteElo "1763"]
[BlackElo "1343"]

1. e4 c5 2. Nf3 d6 3. d4 cxd4 4. Nxd4 Nf6 5. Nc3 g6 6. Be3 Bg7 7. f3 O-O 8. Qd2
Nc6 9. O-O-O d5 10. Nxc6 bxc6 11. Bc4 Be6 12. exd5 cxd5 13. Bb3 Qc7 14. Kb1 Qb7
15. Bd4 Rab8 16. g4 Ne8 17. Bxg7 Nxg7 18. Qd4 Rfc8 19. Ne2 Qc7 20. Nf4 a5 21.
Nd3 Qb7 22. a4 Qb6 23. Nf4 Qb4 24. Bxd5 Rd8 25. Qxb4 Rxb4 26. Nxe6 Nxe6 27. Bxe6
Rxd1+ 28. Rxd1 fxe6 29. b3 Rf4 30. Rd3 Kf7 31. c4 e5 32. h3 e4 33. fxe4 Rxe4 34.
Kc2 e5 35. Kc3 Re1 36. Rd5 Re3+ 37. Kb2 e4 38. Rxa5 Rxh3 39. Re5 Rh2+ 40. Kc3
Re2 41. g5 Re3+ 42. Kb4 Rg3 43. a5 e3 44. a6 Rg1 45. Rxe3 Ra1 46. Kb5 h5 47. gxh6
g5 48. c5 g4 49. c6 g3 50. Rxg3 Rh1 51. a7 Rh5+ 52. Kb6 Rh4 53. a8=Q Rb4+ 54.
Kc5 Re4 55. Rg7+ Ke6 56. Qe8+ Kf6 57. Qf8+ Ke5 58. Re7# 1-0

[Event "Druzynowe Mistrzostwa Polski Juniorow - I Liga 2023"]
[Site "Lublin"]
[Date "1899-12-30"]
[Round "1.46"]
[White "Bombinski, Michal"]
[Black "Dobrowolski, Kamil"]
[Result "0-1"]
[WhiteTitle "II"]
[BlackTitle "II"]
[WhiteElo "1248"]
[BlackElo "1539"]

1. c4 Nf6 2. Nc3 d5 3. cxd5 Nxd5 4. Nf3 g6 5. Qb3 Nb6 6. g3 Bg7 7. Bg2 O-O 8. O-O
Be6 9. Qc2 c6 10. d3 Na6 11. Ne4 Bf5 12. Nc5 Nxc5 13. Qxc5 Qd7 14. Ne5 Qe6 15.
d4 Rfe8 16. e4 Bh3 17. f4 Bxg2 18. Kxg2 Qd6 19. Qc3 Rad8 20. Be3 Nd7 21. Nf3 Qc7
22. Qb3 Nf6 23. Ng5 e6 24. e5 Nd5 25. Ne4 Bf8 26. Bf2 Kg7 27. Qf3 Be7 28. h4 f6
29. h5 f5 30. Ng5 Bxg5 31. fxg5 Qe7 32. Be3 Qb4 33. Rad1 Qxb2+ 34. Rd2 Qa3 35.
Re1 Qa5 36. Rh1 Rh8 37. Kg1 Qc3 38. Re2 Nxe3 39. Rxe3 Qxd4 40. Rh4 Qd1+ 41. Qxd1
Rxd1+ 42. Kf2 Rhd8 43. h6+ Kf7 44. Rb4 R8d2+ 45. Re2 Rxe2+ 46. Kxe2 Rd7 47. Ke3
Ke7 48. g4 b6 49. gxf5 exf5 50. a4 Ke6 51. Rc4 c5 52. a5 Kxe5 53. Rc3 Rd5 54.
axb6 axb6 55. Ra3 Rd7 56. Ra8 f4+ 57. Ke2 Kf5 58. Rg8 Kxg5 59. Rg7 f3+ 60. Kxf3
Rd3+ 0-1

[Event "Druzynowe Mistrzostwa Polski Juniorow - I Liga 2023"]
[Site "Lublin"]
[Date "1899-12-30"]
[Round "1.47"]
[White "Kulczycka, Zofia"]
[Black "Kicinska, Magdalena"]
[Result "1-0"]
[WhiteTitle "I+"]
[BlackTitle "I++"]
[WhiteElo "1470"]
[BlackElo "1562"]

1. e4 c6 2. d4 d5 3. e5 Bf5 4. Nf3 e6 5. Be2 c5 6. Be3 Qb6 7. Nc3 Nc6 8. O-O c4
9. b3 cxb3 10. cxb3 a6 11. Na4 Qd8 12. Rc1 Ba3 13. Nc5 Qc8 14. Nh4 Bxc1 15. Nxf5
exf5 16. Bxc1 Nge7 17. e6 fxe6 18. Bh5+ g6 19. Bf3 b6 20. Na4 Rb8 21. Bf4 Rb7
22. Be2 b5 23. Nc5 Ra7 24. Bh6 Ng8 25. Bf4 Nf6 26. Bh6 Ne4 27. Nxe4 dxe4 28. f3
exf3 29. Bxf3 Ne7 30. Qe2 Kf7 31. Rc1 Rc7 32. Re1 Qd7 33. Qe5 Rg8 34. Bg5 Ke8
35. d5 Rc8 36. Qxe6 Qxe6 37. Rxe6 Rg7 38. d6 Kd7 39. Rxe7+ Rxe7 40. dxe7 h6 41.
Bxh6 Kxe7 42. Bb7 Rc2 43. Bxa6 b4 44. Be3 Kf6 45. Bc4 Rxa2 46. Bc5 g5 47. Bxb4
f4 48. Bc3+ Kf5 49. b4 Ra4 50. Bd3+ Ke6 51. Bc4+ Kf5 52. Kf2 g4 53. Bd5 Ra3 54.
Bg7 Ra7 55. Bc3 Rc7 56. Be1 Rc2+ 57. Kf1 f3 58. gxf3 Rxh2 59. fxg4+ Kxg4 60. b5
Rb2 61. Bc6 Kf5 62. Bg3 Ke6 63. Bc7 Rc2 64. Bb8 Ke7 65. Ke1 Kd8 66. Kd1 Rc4 67.
Kd2 Kc8 68. Be5 Rh4 69. Kc3 Rh5 70. Kd4 Rh4+ 71. Kc5 Rh5 72. Kd5 Rh1 73. b6 Rb1
74. Kc5 Rb3 75. Bd5 Rb1 76. Bc3 Rc1 77. Kb4 Rb1+ 78. Ka5 Kb8 79. Ka6 1-0

[Event "Druzynowe Mistrzostwa Polski Juniorow - I Liga 2023"]
[Site "Lublin"]
[Date "1899-12-30"]
[Round "1.48"]
[White "Kicinska, Anna"]
[Black "Klintsevich, Aliaksandra"]
[Result "0-1"]
[WhiteTitle "I++"]
[BlackTitle "I"]
[WhiteElo "1424"]
[BlackElo "1437"]

1. d4 d5 2. Nf3 e6 3. Bf4 Bd6 4. Bg3 Nf6 5. e3 Bxg3 6. hxg3 Qd6 7. c3 c5 8. Bd3
h6 9. Nbd2 Nc6 10. Qc2 Bd7 11. O-O e5 12. dxe5 Nxe5 13. Nxe5 Qxe5 14. e4 O-O 15.
Nf3 Qc7 16. e5 Ng4 17. Bf5 Bxf5 18. Qxf5 Qc8 19. Nh4 Qxf5 20. Nxf5 Rae8 21. f4
f6 22. Nd6 Re7 23. Rfd1 fxe5 24. Rxd5 exf4 25. gxf4 Rxf4 26. Rxc5 Re2 27. Rf5
Rxf5 28. Nxf5 Rxb2 29. a4 Rc2 30. Nd4 Rxc3 31. Nb5 Rc2 32. Nxa7 Ne3 33. Rb1 Rxg2+
34. Kh1 Ra2 35. Rb4 g5 36. Nc8 g4 37. Re4 Ra3 38. Ne7+ Kf7 39. Nd5 Nxd5 40. Rxg4
Nc3 41. Rb4 Nxa4 42. Rxb7+ Kg6 43. Rb5 h5 44. Kh2 Nc3 45. Rc5 Ne4 46. Rb5 h4 47.
Rd5 Ng5 48. Rb5 Ra2+ 49. Kh1 h3 50. Rb4 Kh5 51. Rc4 Re2 52. Rc3 Kg4 53. Rc4+ Ne4
54. Ra4 Kf4 55. Kg1 Rc2 56. Rb4 Kg3 0-1

[Event "Druzynowe Mistrzostwa Polski Juniorow - I Liga 2023"]
[Site "Lublin"]
[Date "1899-12-30"]
[Round "1.49"]
[White "Lochinski, Pawel"]
[Black "Malinowski, Szymon"]
[Result "0-1"]
[WhiteTitle "I"]
[BlackTitle "I++"]
[WhiteElo "1709"]
[BlackElo "1951"]

1. e4 c6 2. d4 d5 3. f3 dxe4 4. fxe4 e5 5. Nf3 Bg4 6. Bc4 Nd7 7. O-O Ngf6 8. c3
b5 9. Bd3 Bd6 10. Bg5 Qc7 11. h3 Bh5 12. Nbd2 O-O 13. Qc2 a6 14. Bxf6 gxf6 15.
Kh1 c5 16. d5 c4 17. Be2 Rac8 18. g4 Bg6 19. Nh4 Bc5 20. Nf5 Qb6 21. Rf3 Kh8 22.
Nf1 Bxf5 23. Rxf5 Bf2 24. Rh5 Rg8 25. Bf3 Nf8 26. Bg2 Ng6 27. Rd1 Nf4 28. Rf5
Rg5 29. d6 Kg7 30. Rd2 Rxf5 31. exf5 Be3 32. Nxe3 Qxe3 33. Kh2 Rd8 34. Bf1 e4
35. Bg2 Nd3 36. Re2 Qf4+ 37. Kh1 e3 0-1

[Event "Druzynowe Mistrzostwa Polski Juniorow - I Liga 2023"]
[Site "Lublin"]
[Date "1899-12-30"]
[Round "1.50"]
[White "Trzebinski, Patryk"]
[Black "Grzebieniowski, Michal"]
[Result "1-0"]
[WhiteTitle "I++"]
[BlackTitle "I"]
[WhiteElo "1934"]
[BlackElo "1603"]

1. e4 e5 2. Nf3 Nf6 3. Nc3 Nc6 4. Bb5 Bc5 5. Nxe5 Nxe5 6. d4 a6 7. Ba4 Bb4 8. dxe5
Nxe4 9. O-O Bxc3 10. Qg4 O-O 11. Qxe4 Ba5 12. Bf4 Qe7 13. c3 Rb8 14. b4 Bb6 15.
Rad1 Rd8 16. Bc2 g6 17. Bg3 Re8 18. Rfe1 Ba7 19. Bh4 Qe6 20. Bf6 d5 21. Qf4 Qg4
22. Qh6 1-0